| 000 | 01236nam a2200313 i 4500 | ||
|---|---|---|---|
| 001 | 196952 | ||
| 003 | ES-MaACL | ||
| 005 | 20250816063156.0 | ||
| 008 | 250225b2025 sp ||||| |||| 00| 0 spa d | ||
| 017 |
_aB-23048-2024 _bOficina Depósito Legal Barcelona |
||
| 020 | _a9788423438396 | ||
| 040 |
_bspa _cES-MaACL |
||
| 100 | 1 |
_aZerolo Durán, Armando _9239674 _eaut |
|
| 245 |
_aContra la tercera España : _buna defensa de la polaridad / _cArmando Zerolo. |
||
| 250 | _aPrimera edición: febrero 2025 | ||
| 260 |
_aBarcelona : _bDeusto, _c2025. |
||
| 264 | _c©2025. | ||
| 300 |
_a220 páginas ; _c23 cm |
||
| 336 |
_2rdacontent _atexto |
||
| 337 |
_2rdamedia _asin mediación |
||
| 338 |
_2rdacarrier _avolumen |
||
| 650 | 0 |
_9198370 _aEspaña- _xCivilización |
|
| 852 |
_aES-MaACL _cDEPOJ _jN-10429 _gDedicatoria autógrafa del autor _hDonación: Armando Zerolo Durán _xEncuadernación rústica con solapas _9206553 |
||
| 903 |
_9239674 _aZerolo Durán, Armando _ednr |
||
| 942 |
_cMONOGRAFIA _n0 |
||
| 999 |
_c196952 _d196952 |
||